Mgnrega Sameeksha:An Anthology of Research Studies on the Mahatma Gandhi National Rural Employment Guarantee Act, 2005 (Record no. 121471)

MARC details
000 -LEADER
fixed length control field 00528nam a2200145Ia 4500
008 - FIXED-LENGTH DATA ELEMENTS--GENERAL INFORMATION
fixed length control field 211122s9999||||xx |||||||||||||| ||und||
082 ## - DEWEY DECIMAL CLASSIFICATION NUMBER
Classification number 954.045
Item number SHA-M
100 ## - MAIN ENTRY--PERSONAL NAME
Personal name Shah, Mihir
245 #0 - TITLE STATEMENT
Title Mgnrega Sameeksha:An Anthology of Research Studies on the Mahatma Gandhi National Rural Employment Guarantee Act, 2005
260 ## - PUBLICATION, DISTRIBUTION, ETC.
Name of publisher, distributor, etc. Orient Blackswan
Place of publication, distribution, etc. New Delhi
Date of publication, distribution, etc. 2012
300 ## - PHYSICAL DESCRIPTION
Extent 109p.
630 ## - SUBJECT ADDED ENTRY--UNIFORM TITLE
General subdivision Post Graduate Reference
650 ## - SUBJECT ADDED ENTRY--TOPICAL TERM
Topical term or geographic name entry element History & geography
942 ## - ADDED ENTRY ELEMENTS (KOHA)
Koha item type BOOK
650 ## - SUBJECT ADDED ENTRY--TOPICAL TERM
Form subdivision History of Asia; Far EastSouth Asia; IndiaEconomics
Holdings
Withdrawn status Lost status Damaged status Not for loan Home library Current library Date acquired Cost, normal purchase price Total Checkouts Full call number Barcode Shelving location Date last seen Price effective from Koha item type
        SB LIBRARY SB LIBRARY 22/11/2021 100.00   954.045 SHA-M 00134961 POST GRADUATE REFERENCE 22/11/2021 22/11/2021 BOOK

Powered by Koha